| 000 | 00429nam a2200157Ia 4500 | ||
|---|---|---|---|
| 008 | 240729s9999 xx 000 0 und d | ||
| 022 | _a1687-5923 | ||
| 245 | 0 | _aAdvances in Tribology | |
| 260 | _aUnited Kingdom | ||
| 260 | _bHindawi Limited | ||
| 650 | _a Mechanical engineering and machinery | ||
| 650 | _aTechnology | ||
| 856 | _uhttps://doaj.org/toc/8c950d4b3b614326ba1dcc8c85090ef6 | ||
| 942 | _2ddc | ||
| 942 | _cDOAJEJ | ||
| 999 |
_c71412 _d71412 |
||
| 945 |
_a1 _bMadushi Gamage _c1 _dMadushi Gamage |
||